00745 2200229 4500001002100000005001500021035002000036008004100056245017700097100002400274260003000298300003700328020002200365084001400387082000800401650001900409700002100428504003000449504001400479990001100493990001100504INLIS00000000001171220220620101821 a0010-0622000222220620 g 0 ind 1 aBahasa Jerman untuk Pariwisata Bidang Industri Perjalanan Wisata, Destinasi Pariwisata, dan Industri Hospitalitas Pariwisata /cYohanes Kristianto; editor, Putri Christian aYOHANES, Kristianto aYogyakarta :bAndi,c2017 axiv, 128 hal. :bilus. ;c23 cm. a978-979-29-6365-6 a430 YOH b a430 4aBAHASA. JERMAN0 aPUTRI, Christian aBibliografi : hal.125-126 aGlosarium a7599 a a7599 b